[Event "Misiones op"]
[Site "Misiones"]
[Date "2022.07.10"]
[Round "5"]
[White "Jimenez, Maria Jose"]
[Black "Ferreyra, Martin Jesus"]
[Result "1-0"]
[WhiteElo "1493"]
[BlackElo "1126"]
[PlyCount "59"]
[EventDate "2022.07.09"]
[EventType "swiss"]
[EventRounds "6"]
[EventCountry "ARG"]
[SourceTitle "CBM 209 Extra"]
[Source "ChessBase"]
[SourceDate "2022.09.30"]
[SourceVersion "1"]
[SourceVersionDate "2022.09.30"]
[SourceQuality "1"]

1. e4 e5 2. Nf3 Nc6 3. d4 exd4 4. Nxd4 Bc5 5. Nf3 d6 6. Nc3 Bg4 7. Be2 h6 8. h3 Bh5 9. Bf4 Nf6 10. a3 0-0 11. 0-0 Re8 12. Bg3 Nxe4 13. Nxe4 Rxe4 14. Bd3 Re8 15. Qd2 Qf6 16. Bh4 Qe6 17. Rfe1 Qd7 18. Be4 Ne5 19. Nxe5 Rxe5 20. Bh7+ Kxh7 21. Rxe5 Qb5 22. Rxh5 Bxf2+ 23. Kxf2 Qxh5 24. Qd3+ Kg8 25. Bg3 Qa5 26. b3 Re8 27. Kf1 Qg5 28. Bf2 Re6 29. Re1 Rg6 30. Re8+ 1-0

[Event "Obera op"]
[Site "Obera"]
[Date "2022.02.26"]
[Round "1"]
[White "Ferreyra, Martin Jesus"]
[Black "Cantero, Carlos Ramon"]
[Result "0-1"]
[WhiteElo "1137"]
[BlackElo "1948"]
[PlyCount "124"]
[EventDate "2022.02.26"]
[EventType "swiss"]
[EventRounds "6"]
[EventCountry "ARG"]
[SourceTitle "EXT 2023"]
[Source "ChessBase"]
[SourceDate "2022.10.05"]
[SourceVersion "1"]
[SourceVersionDate "2022.10.05"]
[SourceQuality "1"]

1. e4 c5 2. d4 cxd4 3. Nf3 d6 4. Nxd4 Nf6 5. Nc3 a6 6. Bd3 e6 7. Bg5 h6 8. Bxf6 Qxf6 9. Nf3 Nd7 10. h3 b5 11. a3 Bb7 12. Qd2 Rc8 13. 0-0 Nb6 14. Rfe1 Qd8 15. b3 Be7 16. a4 Bf6 17. e5 Bxf3 18. exf6 Qxf6 19. gxf3 Rxc3 20. axb5 Rc5 21. bxa6 Rg5+ 22. Kh2 Qxf3 23. Rg1 Rh5 24. Rg3 Qf6 25. Qd1 Qxf2+ 26. Rg2 Qf4+ 27. Rg3 Rg5 28. Qf3 Qxf3 29. Rxf3 Ke7 30. Rf4 Nd5 31. Rc4 Ra8 32. Be4 Ra7 33. Bxd5 Rxd5 34. Rb4 Kd7 35. c4 Rc5 36. Rb8 Rc6 37. c5 Rcxa6 38. Rxa6 Rxa6 39. Rb7+ Kc6 40. Rxf7 Kxc5 41. Rxg7 Rb6 42. Rg6 Kd5 43. Rxh6 Rxb3 44. Rg6 Ke5 45. h4 d5 46. h5 Kf5 47. Rg8 d4 48. h6 Rb7 49. Rh8 Kg6 50. Rd8 e5 51. Rd6+ Kg5 52. Kg3 Rf7 53. Rd5 Kf5 54. h7 Rxh7 55. Kf3 Rh3+ 56. Ke2 Ke4 57. Rd6 Rh2+ 58. Kd1 Kd3 59. Ke1 Ke3 60. Kd1 d3 61. Rg6 Rh1+ 62. Rg1 Rxg1# 0-1

[Event "ARG-ch sf Sarmiento CC U1700"]
[Site "Posadas"]
[Date "2019.06.15"]
[Round "1.2"]
[White "Ferreyra, Martin Jesus"]
[Black "Penelli, Franco"]
[Result "0-1"]
[WhiteElo "1139"]
[BlackElo "1596"]
[PlyCount "76"]
[EventDate "2019.06.15"]
[EventType "swiss"]
[EventRounds "6"]
[EventCountry "ARG"]
[SourceTitle "EXT 2024"]
[Source "ChessBase"]
[SourceDate "2023.10.10"]
[SourceVersion "1"]
[SourceVersionDate "2023.10.10"]
[SourceQuality "1"]

1. e4 c5 2. d4 cxd4 3. Nf3 d6 4. Bc4 g6 5. Nxd4 Bg7 6. Nf3 Nf6 7. Nc3 0-0 8. 0-0 Bg4 9. h3 Bd7 10. Bd5 Nc6 11. Bg5 Rc8 12. Qd2 Qa5 13. Bh6 Nxd5 14. Bxg7 Kxg7 15. exd5 Nd8 16. Rab1 Kg8 17. b4 Qc7 18. Rb3 e5 19. Qh6 f6 20. Ne4 Bf5 21. Ng3 Nf7 22. Qd2 Qxc2 23. Nxf5 Qxf5 24. Rc1 e4 25. Nd4 Rxc1+ 26. Qxc1 Qxd5 27. Ne2 Ne5 28. Nf4 Qf7 29. Rc3 g5 30. Ne2 Qxa2 31. Ng3 Nd3 32. Qa3 Qxf2+ 33. Kh2 Ne1 34. Qb3+ Kh8 35. Rc2 Qxc2 36. Qxc2 Nxc2 37. Nxe4 d5 38. Nd2 Nxb4 0-1